| 000 | 01097 a2200229 4500 | ||
|---|---|---|---|
| 003 | Nust | ||
| 005 | 20220802124020.0 | ||
| 010 | _a 00302627 | ||
| 020 | _a0852967632 | ||
| 040 | _cNust | ||
| 082 | 0 | 0 | _a621.3,ROZ |
| 100 | 1 |
_aRozzi, T. _996259 |
|
| 245 | 1 | 0 |
_aAdvanced electromagnetic analysis of passive and active planar structures / _cTullio Rozzi and Marco Farina. |
| 260 |
_aLondon : _bInstitution of Electrical Engineers, _c1999. |
||
| 300 |
_aviii, 252 p. : _bill. ; _c24 cm. |
||
| 440 | 0 |
_aIEE electromagnetic waves series ; _v46 _956000 |
|
| 505 | _aIntroduction (Page-1), Fundamentals of Electromagnetic (Page-23), Propagation in Closed Waveguides (Page-75), Ideal Planar Waveguides on Multilayered Substrate: 2D analysis (Page-117), Passive and active Planar Waveguides on Multilayered Substrate;2D Analysis (Page-165), Passive and active Planar Waveguides on multilayered substrate: 3D Analysis (Page-210). | ||
| 650 | 0 |
_aElectric filters, Active _xMathematical models. _996260 |
|
| 650 | 0 | _aTelecommunication Engineering. | |
| 700 | 1 |
_aFarina, Marco, _996261 |
|
| 942 |
_cREF _2ddc |
||
| 999 |
_c175494 _d175494 |
||